00546nam a2200193 a 4500001001300000003000900013005001700022008004100039020001000080082001800090100001700108245007900125260003500204300000800239500003500247650002700282650002600309700001700335nice12345678IN_TiNIC20260116011858.0050524s1968 hyda grp 000 0 eng  ac10000a343.0998bDAS aDas, Ramanuj aThe Press and Registration of Books Act 1867 With Short Notes and Case Law aHyderabad bLaw Publico c1968 a22p aincludes index and biblioraphy aPublishing-Regulations aIndia-Publishing Laws1 aDas, Ramanuj